000 00766nam a2200241Ia 4500
003 OSt
005 20250130145659.0
008 210716s2008 xx 000 0 und d
020 _a9788177223132
040 _cAIMIT LIBRARY
041 _aeng
082 _a006.671
_21
_bALLP
100 _aAllen, Paul R.
_9196387
245 _aJ2EE :
_bSun certified enterprise architect for j2ee /
_cBy Paul R Allen and Joseph J Bambara.
250 _a1st ed.
260 _aNew Delhi :
_bDreamtech Press ,
_c2008.
300 _axxi,618p. ;
_bPB
_c24.5 cm
650 _aCommon architectures and protocols
_9196388
650 _aDesign patterns
_9196389
650 _aLegacy connectivity
_9196390
700 _aBambara, Joseph J.
_9196391
942 _2ddc
_cBK
_e1st
_k006.671 ALLP
999 _c190496
_d190496